Library Banner

Al tras ul muasirat/ (Record no. 93535)

MARC details
000 -LEADER
fixed length control field 00391nam a22001457a 4500
005 - DATE AND TIME OF LATEST TRANSACTION
control field 20170515152803.0
008 - FIXED-LENGTH DATA ELEMENTS--GENERAL INFORMATION
fixed length control field 170515b xxu||||| |||| 00| 0 eng d
040 ## - CATALOGING SOURCE
Transcribing agency PK-LaUMT
082 ## - DEWEY DECIMAL CLASSIFICATION NUMBER
Classification number ZIAC 297.01
Item number AKR-A
100 ## - MAIN ENTRY--PERSONAL NAME
Personal name Akram Zia ul Umari
245 ## - TITLE STATEMENT
Title Al tras ul muasirat/
Statement of responsibility, etc Akram Zia ul Umari
260 ## - PUBLICATION, DISTRIBUTION, ETC. (IMPRINT)
Place of publication, distribution, etc قطرَ
Name of publisher, distributor, etc لراسۃ المحاکم،
Date of publication, distribution, etc 1985
300 ## - PHYSICAL DESCRIPTION
Extent 139 ص
942 ## - ADDED ENTRY ELEMENTS (KOHA)
Koha item type Books
Holdings
Withdrawn status Lost status Damaged status Home library Current library Date acquired Full call number Barcode Date last seen Price effective from Koha item type
      UMT Main Campus UMT Main Campus 2017-05-15 ZIAC 297.01 AKR-A 108863 2017-05-15 2017-05-15 Books